| 000 | 00000nam##2200000za#4500 |
| 001 | 9.647769 |
| 003 | CaOODSP |
| 005 | 20241203113635 |
| 007 | ta |
| 008 | 150407|2000||||xxc||||| f|0| 0 eng|d |
| 020 | |a0-662-29033-X |
| 040 | |aCaOODSP|beng |
| 043 | |an-cn--- |
| 086 | 1 |aEn21-204/2000E |
| 110 | 1 |aCanada. |bEnvironment Canada. |
| 245 | 10|aCanada's National Programme of Action for the protection of the marine environment from land-based activities (NPA) / |cPrepared by the Federal/Provincial/Territorial Advisory Committee on Canada's National Programme of Action for the Protection of the Marine Environment from Land-based Activities. |
| 260 | |aOttawa - Ontario : |bEnvironment Canada |c2000. |
| 300 | |aviii, 123p. : |bmaps, references, tables ; |c28 cm. |
| 500 | |a"Canada's goals under the NPA are to: protect human health; reduce the degradation of the marine environment; remediate damaged areas; promote the conservation and sustainable use of marine resources; and maintain the productive capacity and biodiversity of the marine environment."--Executive summary. |
| 520 | 3 |aCanada's goals under the NPA are to: protect human health; reduce the degradation of the marine environment; remediate damaged areas; promote the conservation and sustainable use of marine resources; and maintain the productive capacity and biodiversity of the marine environment.--Executive summary |
| 563 | |aSpiral binding |
| 590 | |a00-27|b2000-07-07 |
| 690 | 07|aEnvironmental impact assessment|2gcpds |
| 690 | 07|aWater pollution|2gcpds |
| 690 | 07|aAquatic ecosystems|2gcpds |
| 690 | 07|aFederal programs|2gcpds |
| 775 | 08|tProgramme d'action national du Canada pour la protection du milieu marin contre la pollution due aux activités terrestres (PAN) / |w(CaOODSP)9.681149 |
| 776 | 0#|tCanada's National Programme of Action for the protection of the marine environment from land-based activities (NPA) / |w(CaOODSP)9.696178 |